Repetitórium rekodifikovaného trestného práva /

Uloženo v:
Podrobná bibliografie
Hlavní autor: Ivor, Jaroslav 1952- (Autor)
Další autoři: Záhora, Jozef
Médium: Kniha
Jazyk:slovenština
Vydáno: Bratislava : Iura Edition, 2007
Vydání:2. dopl. a preprac. vyd.
Témata:
ISBN:9788080781408
On-line přístup: Získat plný text
Tagy: Přidat tag
Žádné tagy, Buďte první, kdo vytvoří štítek k tomuto záznamu!

MARC

LEADER 00000nam a2200000 4500
003 SK-BrCVT
005 20220621162641.0
008 070530s2007 xo e ||||||slo d
020 |a 9788080781408 
035 |a CVTIDW1407327 
040 |b slo  |a CVTI SR  |e AACR2 
041 0 |a slo 
044 |a xo 
080 |a 343  |2 UDC-MRF 
100 1 |a Ivor, Jaroslav  |d 1952-,  |4 aut 
245 1 0 |a Repetitórium rekodifikovaného trestného práva /  |c Jaroslav Ivor, Jozef Záhora 
250 |a 2. dopl. a preprac. vyd. 
260 |a Bratislava :  |b Iura Edition,  |c 2007 
300 |a 183 s. :  |b lit., tab. ; 
653 1 |a trestný čin  |a priestupok  |a nutná obrana  |a recidíva  |a súdne konanie  |a trestné konanie 
700 1 |a Záhora, Jozef 
910 |b A601988 
919 |a 978-80-8078-140-8 
974 |f Knihy 
992 |a AUV 
999 |c 151692  |d 151692